MEDICAL TREATMENT :DECISIONS AND THE LAW THE MENTAL CAPACITY ACT IN AVTION (Record no. 7838)

MARC details
000 -LEADER
fixed length control field 00494nam a22001817a 4500
005 - DATE AND TIME OF LATEST TRANSACTION
control field 20210904143355.0
008 - FIXED-LENGTH DATA ELEMENTS--GENERAL INFORMATION
fixed length control field 210823b ||||| |||| 00| 0 eng d
020 ## - INTERNATIONAL STANDARD BOOK NUMBER
ISBN 9781845924249
041 ## - LANGUAGE CODE
Language code of text/sound track or separate title eng
082 ## - DEWEY DECIMAL CLASSIFICATION NUMBER
Classification number 344.410
100 ## - MAIN ENTRY--AUTHOR NAME
Personal name FRANCIS, ROBERT AND OTHERS
245 ## - TITLE STATEMENT
Title MEDICAL TREATMENT :DECISIONS AND THE LAW THE MENTAL CAPACITY ACT IN AVTION
250 ## - EDITION STATEMENT
Edition statement 2ND. ED.
260 ## - PUBLICATION, DISTRIBUTION, ETC. (IMPRINT)
Place of publication W.S.
Name of publisher BLOOMSBURY PROFESSIONAL
Year of publication 2010
300 ## - PHYSICAL DESCRIPTION
Number of Pages 586,p
650 ## - SUBJECT ADDED ENTRY--TOPICAL TERM
Topical Term LAW
942 ## - ADDED ENTRY ELEMENTS (KOHA)
Koha item type Books
Holdings
Lost status Damaged status Collection code Home library Current library Shelving location Date acquired Source of acquisition Full call number Accession Number Koha item type
    LAW JRU Library JRU Library SHELF-30-E 23/08/2021 PURCESS 344.410 25862 Books